000 00371 a2200169 4500
001 192312
020 _a85-262-4885-5
040 _cMagnum
100 _aCompany, Mercè
240 1 0 _aAs trigêmeas e barba azul
_lpor
245 1 0 _aAs trigêmeas e barba azul
300 _a31
362 0 _a2003
440 1 _aScipione
697 _aLITERATURA INFANTO
942 _cBK
999 _c192312
_d192312